00531nai a2200157Ia 4500003000900000008004100009022002200050022002300072040001600095245003700111260003400148310001200182362002600194521006900220856008400289IN-BaIIA211028c9999 xx s 000 0 eng d a1355-557X (Print) a1365-2109 (Online) cIIA Library 0aAquaculture Researchh[eJournal] aNew JerseybJohn Wiley & Sons aMonthly a28(1); 1997 - Present bSubscribed through National Knowledge Resource Consortium (NKRC) uhttps://onlinelibrary.wiley.com/journal/13652109yClick Here to Access eJournal